Statistics for Murder Mystery 2 Quiz (MM2)

Click here to take the quiz!

General Stats

  • This quiz has been taken 58 times
    (35 since last reset)
  • The average score is 48 of 146

Answer Stats

Method of ObtainingTypeAnswer% Correct
Unboxing Mystery Crate #2GodlyDarkbringer
79%
CraftingGodlyBlue Seer
71%
CraftingChromaChroma Seer
71%
Unboxing Rainbow CrateGodlyHeat
71%
Unboxing Mystery Crate #2GodlyLightbringer
71%
Unboxing Gun Crate #1GodlyLuger
71%
CraftingGodlyPurple Seer
71%
CraftingGodlyRed Seer
71%
CraftingGodlySeer
71%
CraftingGodlyYellow Seer
71%
Unboxing Gun Crate #3GodlyLaser
64%
Old MM1 ShopVintageLaser
64%
CraftingGodlyOrange Seer
64%
Christmas 2015 Event; Knife Box RewardsGodlyCandy
57%
Unboxing Mystery Crate #2ChromaChroma Darkbringer
57%
Unboxing Gun Crate #3ChromaChroma Laser
57%
Unboxing Gun Crate #1ChromaChroma Luger
57%
Unboxing Knife Crate #1GodlyDeathshard
57%
Unboxing Gun Crate #2GodlyShark
57%
American Item PackGodlyAmerilaser
50%
Unboxing Mystery Crate #2ChromaChroma Lightbringer
50%
Clockwork Item PackGodlyClockwork
50%
Valentines "Event" 2022GodlyHeartblade
50%
Christmas 2018 Event; GamepassAncientIcewing
50%
Nebula GamepassGodlyNebula
50%
Easter Event 2023; Item BundleGodlyRainbow Gun
50%
Easter Event 2023; Item BundleGodlyRainbow Knife
50%
Unboxing Knife Crate #3GodlySaw
50%
Unboxing Knife Crate #4GodlySlasher
50%
Christmas 2015 Event; Gun Box RewardsGodlySugar
50%
Unboxing Knife Crate #5GodlyTides
50%
Futuristic Item PackGodlyVirtual
50%
Halloween 2022 Event; Zombie RewardGodlyBat
43%
Bioblade GamepassGodlyBioblade
43%
Futuristic Item PackGodlyBlaster
43%
Unboxing Knife Crate #1ChromaChroma Deathshard
43%
CraftingGodly (Formerly Ancient)Flames
43%
Unboxing Mystery Crate #1GodlyGemstone
43%
Old MM1 ShopVintageGhost
43%
Christmas 2023 Event; Battle PassAncient/FXGingerscope
43%
Christmas 2015 Event; CraftingGodlyGreen Luger
43%
Christmas 2020 Event; Battle PassAncientIcebreaker
43%
Christmas 2022 Event; Battle PassAncientIcepiercer
43%
Summer Event 2023; Item BundleGodlyOcean
43%
American Item PackGodlyOld Glory
43%
8-Bit Item PackGodlyPixel
43%
Prismatic GamepassGodlyPrismatic
43%
Christmas 2015 Event; CraftingGodlyRed Luger
43%
Thanksgiving Event 2023; Thanksgiving PassGodlyTurkey
43%
Old MM1 ShopVintageAmerica
36%
Halloween 2021 Event; Halloween BoxGodlyCandleflame
36%
Halloween 2021 Event; Halloween BoxChromaChroma Candleflame
36%
Unboxing Rainbow CrateChromaChroma Heat
36%
Unboxing Knife Crate #3ChromaChroma Saw
36%
Unboxing Gun Crate #2ChromaChroma Shark
36%
Unboxing Knife Crate #4ChromaChroma Slasher
36%
Easter "Event" 2022GodlyEggblade
36%
Halloween 2019 Event; Halloween BoxGodlyElderwood Revolver
36%
Buying MM2 MerchGodlyEternal
36%
Buying MM2 MerchGodlyEternal II
36%
Buying MM2 MerchGodlyEternal III
36%
Christmas 2018 Event; Christmas BoxGodlyGingerblade
36%
Halloween 2021 Event; Battle PassAncientHarvester
36%
Plasma BundleGodlyPlasmablade
36%
Old MM1 ShopVintageShadow
36%
Summer Event 2023; Item BundleGodlyWaves
36%
Halloween 2018 Event; GamepassAncientBatwing
29%
Unboxing Mystery Crate #1ChromaChroma Gemstone
29%
Unboxing Knife Crate #5ChromaChroma Tides
29%
Data Loss Glitch of 2014UniqueCorrupt
29%
Halloween 2019 Event; Battle PassAncientElderwood Scythe
29%
Christmas 2019 Event; Buying MM2 MerchGodlyEternalcane
29%
Buying MM2 MerchGodlyEternal IV
29%
Christmas 2023 Event; Christmas BoxGodlyEvergreen
29%
Unboxing Knife Crate #2GodlyFang
29%
Easter Event 2024; Item BundleGodlyFlowerwood
29%
Easter Event 2024; Item BundleGodlyFlowerwood Gun
29%
Halloween 2019 Event; GamepassGodlyGhostblade
29%
Halloween 2020 Event; Halloween BoxGodlyHallowgun
29%
Halloween 2017 Event; Traveller's TradeGodlyHallow's Blade
29%
Christmas 2020 Event; Christmas BoxGodlyIceblaster
29%
Christmas 2019 Event; Gift CenterGodlyLugercane
29%
Christmas 2019 Event; Christmas BoxGodlyMinty
29%
Shadow Item PackGodlyNightblade
29%
Players Nikilis TrustsAncientNik's Scythe
29%
Halloween 2021 Event; EvolutionEVOReaver
29%
Christmas 2015 Event; Purchasing for 75 GiftsGodlyXmas
29%
Valentines Event 2023; Item BundleGodlyBlossom
21%
Halloween 2018 Event; Halloween BoxGodlyBoneblade
21%
Unboxing Knife Crate #2ChromaChroma Fang
21%
Halloween 2023 Event; Halloween BoxChromaChroma Traveler's Gun
21%
Halloween 2023 Event; Darkness BundleGodlyDarkshot
21%
Purchasing and using the code along with the itemUniqueDartbringer
21%
Halloween 2022 Event; Halloween BoxGodlyElderwood Blade
21%
Christmas 2023 Event; Gift CenterGodlyEvergun
21%
Christmas 2017 Event; Purchasing for 5K Snowflake TokensGodlyFrostsaber
21%
Christmas 2018 Event; CraftingGodlyGinger Luger
21%
Christmas 2023 Event; EvolutionEVOGingerscythe
21%
Halloween 2016 Event; Halloween BoxGodlyHallow's Edge
21%
Christmas 2015 Event; CraftingGodlyHandsaw
21%
Christmas 2016 Event; Purchasing for 750 Blue TokensGodlyIce Dragon
21%
Christmas 2021 Event; Ice BundleGodlyIceflake
21%
Christmas 2017 Event; Winter Item PackGodlyIce Shard
21%
Christmas 2020 Event; Gift CenterGodlyJinglegun
21%
Plasma BundleGodlyPlasmabeam
21%
Old MM1 ShopVintagePrince
21%
Halloween 2017 Event; Halloween BoxGodlyPumpking
21%
Valentines Event 2023; Item BundleGodlySakura
21%
Christmas 2017 Event; Purchasing for 3K Snowflake TokensGodlySnowflake
21%
Halloween 2015 Event; Bingo ChallengeGodlySpider
21%
Halloween 2023 Event; Battle PassAncientTraveler's Axe
21%
Halloween 2023 Event; Halloween BoxGodlyTraveler's Gun
21%
Halloween 2020 Event; Item PackGodlyVampire's Edge
21%
Christmas 2017 Event; Christmas BoxGodlyWinter's Edge
21%
Halloween 2017 Event; Halloween Item PackGodlyBattleAxe
14%
Halloween 2018 Event; Main EventGodlyBattleAxe II
14%
Christmas 2015 Event; CraftingGodlyChill
14%
Halloween 2018 Event; Halloween BoxChromaChroma Boneblade
14%
Christmas 2022 Event; Christmas BoxChromaChroma Cookiecane
14%
Halloween 2022 Event; Halloween BoxChromaChroma Elderwood Blade
14%
Christmas 2018 Event; Christmas BoxChromaChroma Gingerblade
14%
Christmas 2021 Event; Christmas BoxChromaChroma Swirly Gun
14%
Christmas 2020 Event; GamepassGodlyCookieblade
14%
Christmas 2022 Event; Christmas BoxGodlyCookiecane
14%
Old MM1 ShopVintageCowboy
14%
Halloween 2023 Event; Darkness BundleGodlyDarksword
14%
Christmas 2019 Event; Winter Item PackGodlyFrostbite
14%
Halloween 2020 Event; Battle PassAncientHallowscythe
14%
Christmas 2021 Event; Ice BundleGodlyIcebeam
14%
Christmas 2022 Event; EvolutionEVOIcecrusher
14%
Christmas 2019 Event; Battle PassAncientLogchopper
14%
Halloween 2022 Event; Survivor RewardGodlyMakeshift
14%
Christmas 2020 Event Pre-update; GamepassGodlyPeppermint
14%
Halloween 2022 Event; Ghost BundleGodlyPhantom
14%
Old MM1 ShopVintagePhaser
14%
Purchasing and using the code along with the itemUniqueSharkSeeker
14%
Halloween 2022 Event; Ghost BundleGodlySpectre
14%
Christmas 2021 Event; Battle PassAncientSwirly Axe
14%
Christmas 2021 Event; Gift CenterGodlySwirly Blade
14%
Christmas 2021 Event; Christmas BoxGodlySwirly Gun
14%
Old MM1 ShopVintageBlood
7%
Christmas 2023 Event; Christmas BoxChromaChroma Evergreen
7%
Christmas 2023 Event; Gift CenterChromaChroma Evergun
7%
Christmas 2022 Event; Gift CenterGodlyGingermint
7%
Old MM1 ShopVintageGolden
7%
Old MM1 ShopVintageSplitter
7%

Score Distribution

Percentile by Number Answered

Percent of People with Each Score

Your Score History

You have not taken this quiz since the last reset